000 00822nam a22002297a 4500
005 20251108173309.0
008 250721s2004 xx 000 0 ara d
082 1 4 _a328.5650224/خوا
100 1 _aالخوالدة، مصطفى
245 1 0 _aجلالة الملك عبد الله الثاني بن الحسين المعظم والسلطة التنفيذية /
264 1 _aعمان :
_bالأجندة الوطنية،
_c2004.
300 _a600ص.
650 1 7 _aالسلطة التنفيذية
650 1 7 _aتاريخ الأردن
650 1 7 _aالملوك والحكام
650 1 7 _aعهد الملك عبداللهالثاني 1999
700 1 _aزهران، ابراهيم
700 1 _aالفاعوري، ابراهيم
700 1 _aقطيشات، سمر
942 _2ddc
_cBK
999 _c100633
_d100633